000 004534301a2200181 4500
005 20140412111348.0
008 140211s1963 xx 000 0 und d
020 _a0-394-80029-X
050 _aTR(PS E
_bHo65 1963
100 _aDr. Seuss
245 _aHop on pop /
_cby Dr. Seuss.
260 _aNew York :
_bBeginner Books,
_c1963.
300 _a64 p. ; ill.
440 _aBeginner books
650 _aReading
999 _c105261
_d105261